000
00314nam a2200145Ia 4500
100
_a
Bartee/Thomas C
250
_a
6
942
_c
BK
654
_a
computer
245
_a
Digital computer fundamental
260
_b
Tata Mc Graw hill Ltd.
_c
1991
082
_a
621.3819
_b
BAR
300
_a
610
546
_a
ENGLISH
999
_c
23719
_d
23719